000 00360nam a22001457a 4500
003 OSt
005 20160727222419.0
008 160627b xxu||||| |||| 00| 0 eng d
040 _cTEST
100 _91226
_aFullick, A
245 _aMichael Faraday
260 _aUNITED KINGDOM
_bREAD EDU.& PROFESSIONAL PUB.
_c2001
300 _aMichael Faraday
942 _2ddc
_cBK
999 _c1000
_d1000